书目信息 |
| 题名: |
马鹞子全传
|
|
| 作者: | 赵焕亭 著 | |
| 分册: | ||
| 出版信息: | 北京 中国文史出版社 2019.03 |
|
| 页数: | 14, 297页 | |
| 开本: | 24cm | |
| 丛书名: | 民国武侠小说典藏文库 | |
| 单 册: | ||
| 中图分类: | I246.48 | |
| 科图分类: | ||
| 主题词: | 侠义小说--xia yi xiao shuo--中国--现代 , 章回小说--zhang hui xiao shuo--中国--现代 , 长篇小说--chang pian xiao shuo--中国--现代 | |
| 电子资源: | ||
| ISBN: | 978-7-5205-0951-0 | |
| 000 | 01021nam 2200277 450 | |
| 001 | 202019138337 | |
| 005 | 20191026133322.0 | |
| 010 | @a978-7-5205-0951-0@dCNY68.80 | |
| 100 | @a20191025d2019 em y0chiy50 ea | |
| 101 | 0 | @achi |
| 102 | @aCN@b110000 | |
| 105 | @ay z 000ay | |
| 106 | @ar | |
| 200 | 1 | @a马鹞子全传@Ama yao zi quan zhuan@f赵焕亭著 |
| 210 | @a北京@c中国文史出版社@d2019.03 | |
| 215 | @a14, 297页@d24cm | |
| 225 | 2 | @a民国武侠小说典藏文库@Amin guo wu xia xiao shuo dian cang wen ku@i赵焕亭卷 |
| 330 | @a剑术之起, 其源实出于道家。虽以刚为体, 却是以柔为用。全在静以制动, 功不成不居, 如神龙一般隐于无形, 然后方能神变自由, 不随尘障…… | |
| 410 | 0 | @12001 @a民国武侠小说典藏文库@i赵焕亭卷 |
| 606 | 0 | @a侠义小说@Axia yi xiao shuo@y中国@z现代 |
| 606 | 0 | @a章回小说@Azhang hui xiao shuo@y中国@z现代 |
| 606 | 0 | @a长篇小说@Achang pian xiao shuo@y中国@z现代 |
| 690 | @aI246.48@v5 | |
| 701 | 0 | @a赵焕亭@Azhao huan ting@4著 |
| 801 | 0 | @aCN@c20190905 |
| 905 | @a河南城建学院图书馆@dI246.48@eZ306-3 | |
| 马鹞子全传/赵焕亭著.-北京:中国文史出版社,2019.03 |
| 14, 297页;24cm.-(民国武侠小说典藏文库.赵焕亭卷) |
| ISBN 978-7-5205-0951-0:CNY68.80 |
| 剑术之起, 其源实出于道家。虽以刚为体, 却是以柔为用。全在静以制动, 功不成不居, 如神龙一般隐于无形, 然后方能神变自由, 不随尘障…… |
| ● |
| 相关链接 |
|
|
|
正题名:马鹞子全传
索取号:I246.48/Z306-3
 
预约/预借
| 序号 | 登录号 | 条形码 | 馆藏地/架位号 | 状态 | 备注 |
| 1 | 1456551 | 214565512 | 文学库108/108文学库 24排4列1层/ [索取号:I246.48/Z306-3] | 在馆 | |
| 2 | 1456552 | 214565521 | 文学库108/108文学库 24排4列1层/ [索取号:I246.48/Z306-3] | 在馆 |